Prievidza v číslach

Podrobná bibliografia
Ďalší autori: Grešner, Lukáš (Fotograf)
Médium: Kniha
Jazyk:slovenčina
Fyzický popis:[22] s. fotogr. 21 cm
Vydavateľské údaje: Prievidza [Mestský úrad] 2007
ISBN:9788096980819 (brož.)
Vydanie:[1. vyd.]
Predmet:

MARC

LEADER 00000nam a2200000 a 4500
001 vtls009191095
003 SK-MaSNL
005 20260301055027.0
008 080312s2007 xo o g f 000 0 slo
015 |a SNBE2008/02-00770 
020 |a 9788096980819 (brož.) 
040 |a SNK  |b slo  |c SNK  |e AACR2 
041 0 |a slo 
043 |a e-xo--- 
044 |a xo  |c SK 
072 7 |a 94(437)  |x Dejiny Česka a Slovenska  |2 konspekt 
080 |a 001.102-021.121  |2 2001 
080 |a 94(437.6)  |2 2001 
080 |a 908(437.6)  |2 2001 
080 |a (036)  |2 2001 
245 0 0 |a Prievidza v číslach  |c [zostavil: -iga- ; foto: Lukáš Grešner] 
250 |a [1. vyd.] 
260 |a Prievidza  |b [Mestský úrad]  |c 2007 
300 |a [22] s.  |b fotogr.  |c 21 cm 
500 |a Názov z obalu 
650 0 7 |a faktografické informácie  |2 SNKPH  |9 63903 
650 0 7 |a dejiny miest  |2 SNKPH  |9 164833 
651 7 |a Prievidza (Slovensko)  |2 SNK  |9 25558 
655 7 |a informačné publikácie  |2 SNKPH  |9 70181 
700 1 |a Grešner, Lukáš  |4 pht  |9 43997 
919 |a 978-80-969808-1-9 
999 |c 612366  |d 614296 
952 |a SNK  |b SNK  |y PREZ  |7 0  |p 17A0583047  |o snkOSC 24290  |i snk2008/6174  |8 0  |0 0  |1 0  |4 0  |d 2008-03-12  |l 0  |r 2026-02-23 16:27:42  |w 2026-02-23 
952 |a SNK  |b SNK  |y VYP  |7 0  |p 17A0583046  |o snkOSC 24290 D1  |i snk2008/6175  |8 0  |0 0  |1 0  |4 0  |d 2008-03-12  |l 0  |r 2026-02-23 16:27:42  |w 2026-02-23